000 00673nam a2200217 a 4500
001 296
005 20221127085915.0
008 050920s lxxua 00100 eng d
020 _a0071428682(hpb) :
_cSR160.00
035 _a309
082 0 4 _a658.87
_bG65 2004
100 1 _aGorchels, Linda.
245 1 4 _aThe manager's guide to distribution channels /
_cLinda Gorchels, Edward Marien, Chuck West.
260 _aNew York :
_bMcGraw-Hill,
_c2004.
300 _axii, 225 p. :
_bill. ;
_c23 cm.
500 _aIncludes index.
650 4 _aMarketing channels.
650 4 _aMarketing
_xManagement.
700 1 _aMarien, Edward J.,
_ejt. auth.
700 1 _aWest, Chuck,
_ejt. auth.
999 _c296
_d296